Conocimiento y educación para el futuro : (Record no. 11020)
[ view plain ]
| 000 -CABECERA | |
|---|---|
| campo de control de longitud fija | 00855nam a2200217 a 4500 |
| 005 - FECHA Y HORA DE LA ÚLTIMA TRANSACCIÓN | |
| campo de control | 20240911063853.0 |
| 008 - ELEMENTOS DE LONGITUD FIJA--INFORMACIÓN GENERAL | |
| campo de control de longitud fija | 991125n199 mx 000 0 spa u |
| 035 ## - NÚMERO DE CONTROL DEL SISTEMA | |
| Número de control de sistema | UPN01000011020 |
| 049 ## - COLECCIÓN | |
| Colección | AV |
| 099 ## - CLASIFICACIÓN LOCAL | |
| Clasificación local | PVI A 0688 |
| 245 00 - MENCIÓN DE TÍTULO | |
| Título | Conocimiento y educación para el futuro : |
| Resto del título | artes y humanidades [II]. |
| 260 ## - PUBLICACIÓN, DISTRIBUCIÓN, ETC. | |
| Lugar de publicación, distribución, etc. | México : |
| Nombre del editor, distribuidor, etc. | ANUIES ; |
| -- | ILCE, |
| Fecha de publicación, distribución, etc. | [199-]. |
| 300 ## - DESCRIPCIÓN FÍSICA | |
| Extensión | 1 videocasete (VHS) (109 min. en 6 partes) : |
| Otras características físicas | son., col. |
| 500 ## - NOTA GENERAL | |
| Nota general | Video 8 de 10 |
| 505 8# - NOTA DE CONTENIDO CON FORMATO PREESTABLECIDO | |
| Nota de contenido con formato | Contenido : |
| Título | Balcón de Moctezuma -- |
| -- | Museo de la Ex-aduana -- |
| -- | Nueva vida para una obra maestra -- |
| -- | Cultura purépecha -- |
| -- | Pasión yolem'me -- |
| -- | Códice digital, Arnulfo Aquino, obra gráfica |
| 650 #2 - ASIENTO SECUNDARIO DE MATERIA - TERMINO TEMATICO | |
| Término de materia o nombre geográfico como elemento de entrada | Arqueología |
| Subdivisión geográfica | México |
| 9 (RLIN) | 4722 |
| 650 #0 - ASIENTO SECUNDARIO DE MATERIA - TERMINO TEMATICO | |
| Término de materia o nombre geográfico como elemento de entrada | Folklore |
| Subdivisión geográfica | México |
| 9 (RLIN) | 11443 |
| 650 #4 - ASIENTO SECUNDARIO DE MATERIA - TERMINO TEMATICO | |
| Término de materia o nombre geográfico como elemento de entrada | Arte |
| Subdivisión geográfica | México |
| 9 (RLIN) | 5028 |
| 740 0# - ASIENTO SECUNDARIO - TÍTULOS RELACIONADOS /ANALITICOS NO CONTROLADOS | |
| Título relacionado o analítico no controlado | Artes y humanidades [II] |
| 905 ## - TIPO DE MATERIAL | |
| Tipo de material | Audiovisuales |
| Estado de retiro | Estado de pérdida | Fuente del sistema de clasificación o colocación | Estado dañado | No para préstamo | Código de colección | Localización permanente | Ubicación/localización actual | Ubicación en estantería | Enumeración/cronología de publicación seriada | Total de préstamos | Código de barras | Fecha visto por última vez | Número de copia | Tipo de ítem Koha |
|---|---|---|---|---|---|---|---|---|---|---|---|---|---|---|
| Library of Congress Classification | Audiovisuales | Bib. Gregorio Torres Quintero | Bib. Gregorio Torres Quintero | Audiovisual | - | 162776 | 31/12/2020 | 1 | Libro |
